| 000 | 00882nam a2200265 i 4500 | ||
|---|---|---|---|
| 001 | 77248 | ||
| 003 | ES-MaACL | ||
| 005 | 20240211063457.0 | ||
| 007 | t| | ||
| 008 | 041007s1946 ag ||||1| spa d | ||
| 040 | _cES-MaACL | ||
| 080 | _a616.891-052.3 | ||
| 100 | 1 |
_aHamburger, Franz. _961639 _eaut |
|
| 245 | 1 | 4 |
_aLos fundamentos de las neurosis de la infancia / _cFranz Hamburguer ; traducción castellana por Augusta A. de Mondolfo |
| 260 |
_aBuenos Aires : _bAmericalee, _c[1946] |
||
| 300 |
_a376 páginas ; _c20 cm. |
||
| 490 | 1 |
_aFundamentos (Americalee) ; _v18 |
|
| 650 | 4 |
_aNeurosis en niños _9235127 |
|
| 700 | 1 |
_aMondolfo, Augusta A. de. _982146 _etrl |
|
| 830 | 0 |
_aFundamentos (Americalee) _v18 _9235125 |
|
| 852 |
_aES-MaACL _jE-2032 _bR.22672 _cDEPO2 |
||
| 942 |
_cMONOGRAFIA _n0 |
||
| 999 |
_c77248 _d77248 |
||